[Event "French Top 12 2013"]
[Site "Haguenau FRA"]
[Date "2013.06.06"]
[Round "8.4"]
[White "Battaglini, Gabriel"]
[Black "Shoker, Samy"]
[Result "1/2-1/2"]
[WhiteTitle "IM"]
[BlackTitle "IM"]
[WhiteElo "2437"]
[BlackElo "2469"]
[WhiteTeam "Grasse Echecs"]
[BlackTeam "Mulhouse Philidor"]
[WhiteFideId "621650"]
[BlackFideId "627143"]
[EventDate "2013.05.30"]

1. d4 d6 2. c4 e5 3. Nf3 exd4 4. Nxd4 g6 5. Nc3 Bg7 6. e4 Ne7 7. Bg5 h6 8. Be3
O-O 9. Qd2 Kh7 10. Be2 Nbc6 11. Rd1 a5 12. O-O a4 13. Rfe1 g5 14. Nd5 Ne5 15.
Qc2 Nxd5 16. cxd5 Ng6 17. Rc1 Be5 18. Qxc7 Qf6 19. Rc4 Nf4 20. Bf1 Bg4 21. Qb6
Rfe8 22. Nb5 Rac8 23. b3 axb3 24. axb3 Bh5 25. Nc7 Re7 26. Qxb7 Rg8 27. Qb6 Nh3+
28. Kh1 g4 29. g3 Ng5 30. Bg2 Bg6 31. Bxg5 hxg5 32. Nb5 Ra8 33. Ra4 Rc8 34. Rc4
Ra8 35. Rc2 Ree8 36. Qe3 Reb8 37. Qe2 Ra5 38. Nc7 Rxb3 39. Qxg4 Rc3 40. Qh3+ Kg8
41. Qc8+ Kh7 42. Ne8 Qh8 43. Rxc3 Bxc3 44. Rb1 Be5 45. Qh3+ Kg8 46. Qd7 Ra1 47.
Rxa1 Bxa1 48. Bf3 Qd4 49. Kg1 Qd2 50. Qc8 Bd4 51. Nf6+ Kg7 52. Ng4 Bxe4 53. Kg2
Qe2 54. Qf5 Qxf2+ 55. Nxf2 Bxf5 56. g4 Bxf2 57. gxf5 Bh4 58. Bh5 Kf6 1/2-1/2

[Event "French Top 12 2013"]
[Site "Haguenau FRA"]
[Date "2013.06.06"]
[Round "8.6"]
[White "Nanu, Costica-Ciprian"]
[Black "Riff, Jean-Noel"]
[Result "1/2-1/2"]
[WhiteTitle "GM"]
[BlackTitle "IM"]
[WhiteElo "2519"]
[BlackElo "2458"]
[WhiteTeam "Grasse Echecs"]
[BlackTeam "Mulhouse Philidor"]
[WhiteFideId "1204580"]
[BlackFideId "611190"]
[EventDate "2013.05.30"]

1. c4 e5 2. Nc3 Nf6 3. Nf3 Nc6 4. e3 Bb4 5. Qc2 Bxc3 6. Qxc3 Qe7 7. d3 O-O 8. e4
d6 9. Be2 Bg4 10. Be3 Nd7 11. h3 Bxf3 12. Bxf3 Nc5 13. O-O Ne6 14. Bg4 a5 15.
Rae1 b6 16. g3 f6 17. f4 Ncd4 18. f5 Nd8 19. Bxd4 exd4 20. Qxd4 Qe5 21. Qxe5
dxe5 22. c5 Nc6 23. cxb6 cxb6 24. Rc1 Rfc8 25. Rc3 Na7 26. Rfc1 Rxc3 27. bxc3
Rc8 28. Bd1 Nb5 29. Bb3+ Kf8 30. Bc4 Na3 31. Be6 Rc5 32. c4 b5 33. Rd1 Nc2 34.
cxb5 Rxb5 35. Rc1 Rb2 36. Kf1 Ne3+ 37. Ke1 Ng2+ 38. Kd1 Ne3+ 39. Ke1 Ng2+ 1/2-1/2

[Event "French Top 12 2013"]
[Site "Haguenau FRA"]
[Date "2013.06.06"]
[Round "8.8"]
[White "Draillard, Margot"]
[Black "Choisy, Mathilde"]
[Result "0-1"]
[BlackTitle "WFM"]
[WhiteElo "1853"]
[BlackElo "2166"]
[WhiteTeam "Grasse Echecs"]
[BlackTeam "Mulhouse Philidor"]
[WhiteFideId "699330"]
[BlackFideId "634565"]
[EventDate "2013.05.30"]

1. d4 d5 2. Nf3 Nf6 3. c4 e6 4. e3 c6 5. Nbd2 Nbd7 6. Bd3 Bd6 7. O-O O-O 8. e4
dxe4 9. Nxe4 Nxe4 10. Bxe4 f5 11. Bc2 Qf6 12. Re1 Re8 13. Bg5 Qg6 14. Qc1 b6 15.
Qd2 Bb7 16. c5 Bf8 17. b4 h6 18. Bf4 Rad8 19. Bb3 bxc5 20. bxc5 Nxc5 21. Qc2
Nxb3 22. Qxb3 Ba8 23. Ne5 Qf6 24. Red1 g5 25. Bc1 c5 26. Bb2 Bd5 27. Qa4 Rb8 28.
Nd7 Qe7 29. Nxb8 Rxb8 30. Ba3 Qb7 31. g3 Bh1 32. Kf1 Bg2+ 33. Ke1 Qe4+ 34. Kd2
Rd8 35. Re1 Rxd4+ 36. Kc3 Qd3+ 37. Kb2 Rxa4 38. Re3 Bg7+ 39. Kc1 Rc4# 0-1

[Event "French Top 12 2013"]
[Site "Haguenau FRA"]
[Date "2013.06.06"]
[Round "8.1"]
[White "Nyzhnyk, Illya"]
[Black "Van Wely, Loek"]
[Result "1/2-1/2"]
[WhiteTitle "GM"]
[BlackTitle "GM"]
[WhiteElo "2635"]
[BlackElo "2689"]
[WhiteTeam "Evry Grand Roque"]
[BlackTeam "Clichy-Echecs-92"]
[WhiteFideId "14118084"]
[BlackFideId "1000268"]
[EventDate "2013.05.30"]

1. d4 d5 2. c4 c6 3. Nf3 Nf6 4. e3 g6 5. Nbd2 Bg7 6. Bd3 Bf5 7. Qc2 Bxd3 8. Qxd3
Nbd7 9. O-O O-O 10. b3 c5 11. Bb2 Rc8 12. Rfd1 e6 13. Rac1 Qa5 14. Qb1 b6 15. h3
Rfd8 16. Qa1 Ne8 17. Bc3 1/2-1/2

[Event "French Top 12 2013"]
[Site "Haguenau FRA"]
[Date "2013.06.06"]
[Round "8.3"]
[White "Zherebukh, Yaroslav"]
[Black "Pelletier, Yannick"]
[Result "0-1"]
[WhiteTitle "GM"]
[BlackTitle "GM"]
[WhiteElo "2629"]
[BlackElo "2599"]
[WhiteTeam "Evry Grand Roque"]
[BlackTeam "Clichy-Echecs-92"]
[WhiteFideId "14116804"]
[BlackFideId "1301837"]
[EventDate "2013.05.30"]

1. e4 e6 2. d4 d5 3. e5 c5 4. c3 Nc6 5. Nf3 Bd7 6. Be2 Nge7 7. O-O cxd4 8. cxd4
Nf5 9. Nc3 Rc8 10. Bg5 Qb6 11. Na4 Qa5 12. Rc1 h6 13. Bd2 Qd8 14. Be3 Be7 15.
Nc5 Bxc5 16. Rxc5 Nxe3 17. fxe3 O-O 18. Qd2 Ne7 19. b4 Rxc5 20. dxc5 Qc7 21. Rc1
a6 22. Bd3 Bb5 23. Bxb5 axb5 24. Nd4 Qxe5 25. Nxb5 Nf5 26. Rc3 Qe4 27. a3 Rd8
28. Nd4 e5 29. Nxf5 Qxf5 30. Rd3 d4 31. exd4 exd4 32. h3 Qe4 33. Qd1 Rd5 34. Qf3
Qe1+ 35. Kh2 Qe5+ 36. Qg3 f6 37. a4 Kf7 38. a5 Ke6 39. Rd1 Kd7 40. b5 Rxc5 41.
Rb1 0-1

[Event "French Top 12 2013"]
[Site "Haguenau FRA"]
[Date "2013.06.06"]
[Round "8.5"]
[White "Sochacki, Christophe"]
[Black "Tregubov, Pavel V."]
[Result "1/2-1/2"]
[WhiteTitle "IM"]
[BlackTitle "GM"]
[WhiteElo "2414"]
[BlackElo "2611"]
[WhiteTeam "Evry Grand Roque"]
[BlackTeam "Clichy-Echecs-92"]
[WhiteFideId "662569"]
[BlackFideId "4115341"]
[EventDate "2013.05.30"]

1. e4 c5 2. Nf3 Nc6 3. d4 cxd4 4. Nxd4 Nf6 5. Nc3 e5 6. Ndb5 d6 7. Bg5 a6 8. Na3
b5 9. Bxf6 gxf6 10. Nd5 f5 11. g3 fxe4 12. Bg2 Be6 13. Bxe4 Bg7 14. Qh5 Rc8 15.
c3 Ne7 16. Rd1 Rc5 17. Nb4 Qb6 18. Qg5 Kf8 19. Qe3 f5 20. Bg2 e4 21. Nac2 a5 22.
Nd4 Bf7 23. Nbc2 b4 24. cxb4 axb4 25. O-O h5 26. Nb3 Bxb2 27. Nxc5 Qxc5 28. Qd2
d5 29. Qxb4 Qxb4 30. Nxb4 d4 31. Nc2 d3 32. Ne3 Be6 33. Rb1 Ba3 34. Rb5 Kf7 35.
f3 Bd7 36. Rb7 Bc6 37. Rxe7+ Kxe7 38. Nxf5+ Kf6 39. fxe4 Ke5 40. Nh4 Kd4 41. e5
Bb5 42. Bf3 d2 43. Rb1 Ba4 44. Kg2 Kc3 45. Ng6 Rh6 46. Nf4 Bc6 47. Nd5+ Kd4 48.
Rd1 Bc1 49. Nf4 Ke3 50. Nd5+ Kd4 51. Nf4 Kxe5 1/2-1/2

[Event "French Top 12 2013"]
[Site "Haguenau FRA"]
[Date "2013.06.06"]
[Round "8.7"]
[White "Milliet, Sophie"]
[Black "Hamdouchi, Hicham"]
[Result "0-1"]
[WhiteTitle "IM"]
[BlackTitle "GM"]
[WhiteElo "2391"]
[BlackElo "2602"]
[WhiteTeam "Evry Grand Roque"]
[BlackTeam "Clichy-Echecs-92"]
[WhiteFideId "623725"]
[BlackFideId "9000011"]
[EventDate "2013.05.30"]

1. e4 c5 2. Nf3 g6 3. d4 cxd4 4. Qxd4 Nf6 5. Bb5 Nc6 6. Bxc6 bxc6 7. e5 Nd5 8.
e6 f6 9. exd7+ Qxd7 10. O-O Bg7 11. Nbd2 O-O 12. Nb3 e5 13. Qc4 a5 14. Nc5 Qg4
15. Nd2 Qxc4 16. Nxc4 Rd8 17. b3 Bf8 18. Ba3 Nc3 19. Nd3 Bxa3 20. Nxa3 Ba6 21.
Rfe1 Bxd3 22. cxd3 Rxd3 23. Nc4 Ra7 24. Kf1 a4 25. Nb2 Rd2 26. Nxa4 Nxa4 27.
bxa4 Rxa4 28. Re2 Rxe2 29. Kxe2 Kf7 30. Kd3 c5 31. Kc3 c4 32. Kb2 Ke6 33. Rd1 h5
34. h4 Kf5 35. g3 g5 36. hxg5 fxg5 37. Rd8 h4 38. gxh4 gxh4 39. Rh8 Kg4 40. Re8
Kf4 41. a3 h3 42. Rh8 Kf3 43. Rxh3+ Kxf2 44. Kc2 e4 45. Kd2 Ra8 46. Rh2+ Kg3 47.
Re2 Kf4 48. Rf2+ Ke5 49. Rf7 Rxa3 50. Re7+ Kd5 51. Rd7+ Ke6 52. Rc7 Rd3+ 53. Kc2
Kd5 54. Rd7+ Ke5 55. Rc7 Kd4 56. Rd7+ Ke3 57. Rh7 Kf2 58. Rc7 Rf3 59. Rxc4 e3
60. Re4 Rf8 61. Rh4 e2 62. Rh2+ Ke3 63. Rh3+ Rf3 0-1

[Event "French Top 12 2013"]
[Site "Haguenau FRA"]
[Date "2013.06.06"]
[Round "8.8"]
[White "Skripchenko, Almira"]
[Black "Leroy, Didier"]
[Result "1-0"]
[WhiteTitle "IM"]
[BlackTitle "IM"]
[WhiteElo "2430"]
[BlackElo "2305"]
[WhiteTeam "Clichy-Echecs-92"]
[BlackTeam "Evry Grand Roque"]
[WhiteFideId "13900145"]
[BlackFideId "610950"]
[EventDate "2013.05.30"]

1. e4 c5 2. Nf3 e6 3. c4 d6 4. Nc3 Nf6 5. d4 cxd4 6. Nxd4 Be7 7. Be2 O-O 8. O-O
a6 9. Be3 Qc7 10. Rc1 b6 11. f4 Bb7 12. Bf3 Re8 13. f5 Bf8 14. fxe6 fxe6 15. Bg4
Nxg4 16. Qxg4 Bc8 17. e5 dxe5 18. Ne4 Kh8 19. Nf3 Ra7 20. Nfg5 g6 21. Rf3 Bh6
22. Rcf1 Re7 23. Qh4 Kg7 24. Nxe6+ 1-0

[Event "French Top 12 2013"]
[Site "Haguenau FRA"]
[Date "2013.06.06"]
[Round "8.1"]
[White "Bedouin, Xavier"]
[Black "Swiercz, Dariusz"]
[Result "1/2-1/2"]
[WhiteTitle "IM"]
[BlackTitle "GM"]
[WhiteElo "2387"]
[BlackElo "2631"]
[WhiteTeam "Migne Echecs"]
[BlackTeam "C.E. de Rueil Malmaison"]
[WhiteFideId "617040"]
[BlackFideId "1126881"]
[EventDate "2013.05.30"]

1. e4 c5 2. c3 d5 3. exd5 Qxd5 4. d4 Nf6 5. Nf3 e6 6. Be2 Be7 7. O-O O-O 8. Ne5
cxd4 9. cxd4 Rd8 10. Be3 Nc6 11. Nc3 Qa5 12. Nxc6 bxc6 13. Qc2 Ba6 14. Bxa6 Qxa6
15. Rac1 Rac8 16. Na4 Nd5 17. Qc4 Qa5 18. a3 Qc7 19. Nc5 Bd6 20. h3 Qe7 21. Ne4
Bb8 22. Bg5 Qc7 23. g3 Re8 24. Rfe1 h6 25. Bd2 Red8 26. Nc5 Qe7 27. Qe2 Bc7 28.
Nd3 Bb6 29. Rc4 Nf6 30. Be3 Nd5 31. Bd2 Qe8 32. Rec1 Ne7 33. Be3 Nf5 34. Ne5
Nxd4 35. Bxd4 Rxd4 36. Nxc6 Rxc4 37. Qxc4 Rc7 38. b4 Qd7 39. Rc2 Qd1+ 40. Kg2
Rd7 41. a4 Rd3 42. Ne5 Rd4 43. Qc8+ Rd8 44. Qc4 Qa1 45. Nc6 Rd1 46. a5 Rg1+ 47.
Kh2 Rh1+ 48. Kg2 Rg1+ 49. Kh2 Rh1+ 50. Kg2 Rg1+ 1/2-1/2

[Event "French Top 12 2013"]
[Site "Haguenau FRA"]
[Date "2013.06.06"]
[Round "8.2"]
[White "Williams, Simon K"]
[Black "Velikov, Petar"]
[Result "1/2-1/2"]
[WhiteTitle "GM"]
[BlackTitle "GM"]
[WhiteElo "2511"]
[BlackElo "2422"]
[WhiteTeam "C.E. de Rueil Malmaison"]
[BlackTeam "Migne Echecs"]
[WhiteFideId "404454"]
[BlackFideId "2900149"]
[EventDate "2013.05.30"]

1. d4 d5 2. c4 c6 3. Nc3 Nf6 4. Nf3 dxc4 5. a4 Bf5 6. Ne5 Na6 7. e3 Nb4 8. Bxc4
e6 9. O-O Be7 10. Qe2 h6 11. e4 Bh7 12. Rd1 O-O 13. a5 b5 14. Bb3 a6 15. Bf4 Qc8
16. Rac1 Qb7 17. Ng4 Rad8 18. h3 Kh8 19. Qe3 Qa7 20. Na2 Nxa2 21. Bxa2 Nxg4 22.
hxg4 Rc8 23. g5 hxg5 24. Bxg5 Rfd8 25. Rd3 Kg8 26. Bxe7 Qxe7 27. Rc5 Bg6 28. f3
Qd6 29. Qc1 Rc7 30. Qc3 Rdc8 31. b4 Kf8 32. Kf2 Qf4 33. Qd2 Qd6 34. Qg5 Rd7 35.
Qe5 Qxe5 36. Rxe5 Rd6 37. Ke3 Ke7 38. Rc5 f6 39. Rdc3 Be8 40. d5 exd5 41. exd5
cxd5 42. Rc7+ Rxc7 43. Rxc7+ Rd7 44. Rxd7+ Bxd7 45. Bxd5 Bc8 46. Kd4 Kd6 47. f4
Kc7 48. Kc5 Bg4 49. Bf3 Bxf3 50. gxf3 g6 51. f5 g5 1/2-1/2

[Event "French Top 12 2013"]
[Site "Haguenau FRA"]
[Date "2013.06.06"]
[Round "8.4"]
[White "Baron, Tal"]
[Black "Saada, Julien"]
[Result "1/2-1/2"]
[WhiteTitle "GM"]
[BlackTitle "FM"]
[WhiteElo "2467"]
[BlackElo "2323"]
[WhiteTeam "C.E. de Rueil Malmaison"]
[BlackTeam "Migne Echecs"]
[WhiteFideId "2809958"]
[BlackFideId "625388"]
[EventDate "2013.05.30"]

1. e4 c6 2. d4 d5 3. f3 dxe4 4. fxe4 e5 5. Nf3 Bg4 6. Bc4 Nd7 7. c3 Bh5 8. O-O
Ngf6 9. Qe1 Bd6 10. Bg5 Qc7 11. Nbd2 O-O 12. Qh4 Bg6 13. Bb3 b5 14. Kh1 Rae8 15.
Rae1 a6 16. a3 Qb8 17. Ba2 a5 18. Re3 a4 19. Rfe1 Qc7 20. dxe5 Bxe5 21. Nxe5
Qxe5 22. Nf3 Qc5 23. e5 Nd5 24. Bxd5 cxd5 25. Nd4 Nxe5 26. Rxe5 Rxe5 27. Rxe5 f6
28. Re1 fxg5 29. Qxg5 Qc4 30. Kg1 Rf6 31. Qe5 Be4 32. Qe8+ Rf8 33. Qe6+ Kh8 34.
Qe7 Rg8 35. Qf7 h6 36. h3 Qd3 37. Kh2 b4 38. axb4 a3 39. bxa3 Qxc3 40. Qf2 Qxb4
41. axb4 1/2-1/2

[Event "French Top 12 2013"]
[Site "Haguenau FRA"]
[Date "2013.06.06"]
[Round "8.5"]
[White "Picard, Romain"]
[Black "Houriez, Clement"]
[Result "1/2-1/2"]
[WhiteTitle "IM"]
[BlackTitle "FM"]
[WhiteElo "2342"]
[BlackElo "2285"]
[WhiteTeam "Migne Echecs"]
[BlackTeam "C.E. de Rueil Malmaison"]
[WhiteFideId "627216"]
[BlackFideId "649708"]
[EventDate "2013.05.30"]

1. e4 c5 2. Nf3 d6 3. d4 Nf6 4. Nc3 cxd4 5. Nxd4 a6 6. Be2 e5 7. Nb3 Be7 8. O-O
O-O 9. Be3 Be6 10. Qd2 Nbd7 11. Rfd1 Rc8 12. a4 Nc5 13. Nxc5 dxc5 14. Qe1 Qe8
15. Bf3 h6 16. h3 c4 17. Nd5 Bxd5 18. exd5 Bd6 19. b4 e4 20. Bg4 Nxg4 21. hxg4
Qe7 22. Bc5 Bxc5 23. bxc5 Rxc5 24. Rd4 Rd8 25. Rad1 Qd6 26. Rxe4 b5 27. axb5
axb5 28. c3 Kf8 29. Re5 Rcc8 30. Qe4 Kg8 31. Qf4 Qf6 32. Qxf6 gxf6 33. Rf5 Rd6
34. Kf1 Re8 35. Rb1 Rb6 36. Rf4 Re5 37. Rd4 Kf8 38. d6 Ke8 39. Ra1 Rb7 40. Ra8+
Kd7 41. Rf8 Kc6 42. Rc8+ Kd7 43. Ra8 Re6 44. Ra6 Re8 45. g3 Re6 46. Rd2 b4 47.
cxb4 c3 48. Rc2 Rxd6 49. Rxd6+ Kxd6 50. Rxc3 Rxb4 51. Rd3+ Ke7 52. Re3+ Kf8 53.
f4 1/2-1/2

[Event "French Top 12 2013"]
[Site "Haguenau FRA"]
[Date "2013.06.06"]
[Round "8.6"]
[White "Dubessay, Bastien"]
[Black "Picard, Clement"]
[Result "1/2-1/2"]
[WhiteTitle "FM"]
[WhiteElo "2378"]
[BlackElo "2170"]
[WhiteTeam "C.E. de Rueil Malmaison"]
[BlackTeam "Migne Echecs"]
[WhiteFideId "650048"]
[BlackFideId "615455"]
[EventDate "2013.05.30"]

1. d4 e6 2. c4 Bb4+ 3. Nd2 Nf6 4. a3 Be7 5. e4 d5 6. e5 Nfd7 7. b4 a5 8. b5 c5
9. cxd5 exd5 10. Ngf3 cxd4 11. Bb2 O-O 12. Bxd4 Nc5 13. Qc2 Nbd7 14. Be2 Ne6 15.
Bb2 Nf4 16. Bf1 f6 17. g3 Ng6 18. exf6 Bxf6 19. Bg2 Re8+ 20. Kf1 Bxb2 21. Qxb2
Qf6 22. Qd4 Qxd4 23. Nxd4 Nf6 24. h3 Bd7 25. Kg1 Ne5 26. Kh2 Nd3 27. f3 Rac8 1/2-1/2

[Event "French Top 12 2013"]
[Site "Haguenau FRA"]
[Date "2013.06.06"]
[Round "8.7"]
[White "Fougerit, Valentin"]
[Black "Debray, Christopher"]
[Result "0-1"]
[BlackTitle "IM"]
[WhiteElo "2209"]
[BlackElo "2356"]
[WhiteTeam "Migne Echecs"]
[BlackTeam "C.E. de Rueil Malmaison"]
[WhiteFideId "634670"]
[BlackFideId "630810"]
[EventDate "2013.05.30"]

1. e4 c6 2. d4 d5 3. exd5 cxd5 4. c4 Nf6 5. Nc3 Nc6 6. Bg5 dxc4 7. d5 Ne5 8. Qd4
h6 9. Bf4 Ng6 10. Bxc4 Nxf4 11. Qxf4 a6 12. Nf3 g5 13. Qe3 Bg7 14. O-O O-O 15.
Bb3 Re8 16. Rad1 Bf5 17. Rfe1 Qd6 18. h4 Ng4 19. Qd2 gxh4 20. Ne4 Bxe4 21. Rxe4
h5 22. Qg5 Rac8 23. Re2 Qh6 24. Qxh4 Bf6 25. Qh3 Rc1 26. Ree1 Rxd1 27. Rxd1 Bxb2
28. Qg3 Rc8 29. Nh2 Qg7 30. d6 Be5 31. dxe7 Bxg3 32. fxg3 Qg5 33. Nxg4 hxg4 34.
Re1 Re8 0-1

[Event "French Top 12 2013"]
[Site "Haguenau FRA"]
[Date "2013.06.06"]
[Round "8.8"]
[White "Congiu, Mathilde"]
[Black "Le Bail, Clara"]
[Result "1-0"]
[WhiteTitle "WIM"]
[WhiteElo "2230"]
[BlackElo "1969"]
[WhiteTeam "C.E. de Rueil Malmaison"]
[BlackTeam "Migne Echecs"]
[WhiteFideId "634581"]
[BlackFideId "648167"]
[EventDate "2013.05.30"]

1. e4 e6 2. d4 d5 3. Nc3 Nf6 4. Bg5 dxe4 5. Nxe4 Be7 6. Bxf6 gxf6 7. Nf3 a6 8.
Qe2 b5 9. O-O-O Bb7 10. Kb1 Nd7 11. Qe3 Nb6 12. Bd3 Bd5 13. Nfd2 Na4 14. Nb3 c6
15. f4 f5 16. Nec5 Nb6 17. Rhe1 Nc4 18. Qe2 Nd6 19. g4 Qc7 20. Qe5 O-O-O 21.
gxf5 Bh4 22. fxe6 Bxe1 23. e7 Bh4 24. exd8=Q+ Qxd8 25. Bf5+ Nxf5 26. Qxf5+ Kb8
27. Nxa6+ Ka7 28. Nb4 h6 29. Nc5 Re8 30. Qh3 Re2 31. Qa3+ Kb8 32. Qa6 Qc7 33.
Nxd5 1-0

[Event "French Top 12 2013"]
[Site "Haguenau FRA"]
[Date "2013.06.07"]
[Round "9.1"]
[White "Swiercz, Dariusz"]
[Black "Meier, Georg"]
[Result "1-0"]
[WhiteTitle "GM"]
[BlackTitle "GM"]
[WhiteElo "2631"]
[BlackElo "2655"]
[WhiteTeam "C.E. de Rueil Malmaison"]
[BlackTeam "Vandoeuvre-Echecs"]
[WhiteFideId "1126881"]
[BlackFideId "4675789"]
[EventDate "2013.05.30"]

1. c4 c5 2. Nf3 Nf6 3. Nc3 Nc6 4. g3 g6 5. Bg2 d6 6. O-O Bg7 7. d4 cxd4 8. Nxd4
Bd7 9. Nc2 h5 10. Bg5 Nh7 11. Bf4 Nf8 12. h4 Ne6 13. Bd2 a6 14. Rb1 O-O 15. Ne3
Ned4 16. b4 Rb8 17. a4 Ne5 18. b5 Re8 19. Ncd5 Nf5 20. Rc1 Be6 21. Nxf5 Bxf5 22.
Be3 Nd7 23. Qb3 Qa5 24. Rfd1 Rbc8 25. b6 Nc5 26. Qa3 Bd7 27. Nc7 Red8 28. Bxc5
dxc5 29. Bxb7 Rb8 30. Nxa6 Rxb7 31. Nxc5 Qxb6 32. Nxb7 Qxb7 33. Qxe7 Qc7 34. c5
Bf8 35. Qxd8 Qxd8 36. c6 Ba3 37. c7 1-0

[Event "French Top 12 2013"]
[Site "Haguenau FRA"]
[Date "2013.06.07"]
[Round "9.2"]
[White "Landa, Konstantin"]
[Black "Williams, Simon K"]
[Result "1-0"]
[WhiteTitle "GM"]
[BlackTitle "GM"]
[WhiteElo "2644"]
[BlackElo "2511"]
[WhiteTeam "Vandoeuvre-Echecs"]
[BlackTeam "C.E. de Rueil Malmaison"]
[WhiteFideId "4101685"]
[BlackFideId "404454"]
[EventDate "2013.05.30"]

1. d4 f5 2. g3 e6 3. Bg2 Nf6 4. c4 Be7 5. Nh3 d6 6. b3 e5 7. Bb2 Ng4 8. Na3 O-O
9. Nc2 Bf6 10. Qd2 Nc6 11. e3 a5 12. O-O Qe8 13. f3 Nh6 14. Nf2 g5 15. Bc3 a4
16. b4 Nf7 17. b5 Ne7 18. Rab1 h5 19. c5 Be6 20. Na3 b6 21. dxe5 dxe5 22. Qe2
Ng6 23. f4 Rd8 24. Qxh5 Kg7 25. fxg5 Nxg5 26. Qe2 Rh8 27. Rb4 bxc5 28. Rxa4 Bd5
29. e4 Ra8 30. Ra6 Rxa6 31. bxa6 Qa4 32. exd5 Qxa3 33. Qd3 c4 34. Qxc4 Nf7 35.
Qd3 Nd6 36. Bxe5 Qxd3 37. Bxf6+ Kxf6 38. Nxd3 Ra8 39. Nb4 1-0

[Event "French Top 12 2013"]
[Site "Haguenau FRA"]
[Date "2013.06.07"]
[Round "9.3"]
[White "Baron, Tal"]
[Black "Bauer, Christian"]
[Result "1-0"]
[WhiteTitle "GM"]
[BlackTitle "GM"]
[WhiteElo "2467"]
[BlackElo "2638"]
[WhiteTeam "C.E. de Rueil Malmaison"]
[BlackTeam "Vandoeuvre-Echecs"]
[WhiteFideId "2809958"]
[BlackFideId "603767"]
[EventDate "2013.05.30"]

1. e4 c5 2. Nf3 Nc6 3. d4 cxd4 4. Nxd4 Qb6 5. Nb3 Nf6 6. Bd3 e6 7. Be3 Qc7 8. f4
d6 9. Qf3 a6 10. g4 b5 11. Nc3 Nd7 12. O-O-O Bb7 13. Kb1 Nc5 14. Qf2 Nb4 15.
Nxc5 dxc5 16. Bf1 Be7 17. a3 Rc8 18. axb4 cxb4 19. Bb6 Qb8 20. Na2 Bxe4 21. Bd3
Bxh1 22. Rxh1 O-O 23. Re1 Rc6 24. Bd4 Qd8 25. g5 b3 26. Nc3 b4 27. Ne4 bxc2+ 28.
Bxc2 Rxc2 29. Kxc2 Qa5 30. Qe3 Rc8+ 31. Kb1 b3 32. Nc3 Bd6 33. Qe4 g6 34. Rd1 h6
35. gxh6 Kh7 36. Bf6 Bb4 37. Rd7 Rf8 38. Qxe6 Kxh6 39. Qh3+ Qh5 40. Bg5+ Kg7 41.
Qxh5 gxh5 42. Rd8 Rxd8 43. Bxd8 Kg6 44. Bc7 Kf5 45. Ne2 Kg4 46. Nd4 Bc5 47. Nxb3
Bg1 48. f5 Kxf5 49. Kc2 Kg4 50. Kd3 f5 51. Nd4 f4 52. h3+ Kxh3 53. Ne2 Bf2 54.
Nxf4+ Kg4 55. Nd5 Kf3 56. Nf6 h4 57. Ne4 Bg1 58. Nd2+ Kg2 59. Ke2 Bd4 60. b3 Bf6
61. Nf3 Kh3 62. Ne5 Kg2 63. Ng6 Kg1 64. Nf4 Be7 65. Bb6+ Kh2 66. Ng6 Bf6 67. Kf3
Kh1 68. Bf2 h3 69. Nf4 Kh2 70. Bg3+ Kg1 71. Nxh3+ Kf1 72. Bf2 a5 73. Nf4 1-0

[Event "French Top 12 2013"]
[Site "Haguenau FRA"]
[Date "2013.06.07"]
[Round "9.4"]
[White "Brunner, Nicolas"]
[Black "Renet, Olivier"]
[Result "1/2-1/2"]
[WhiteTitle "IM"]
[BlackTitle "GM"]
[WhiteElo "2412"]
[BlackElo "2469"]
[WhiteTeam "Vandoeuvre-Echecs"]
[BlackTeam "C.E. de Rueil Malmaison"]
[WhiteFideId "620246"]
[BlackFideId "600040"]
[EventDate "2013.05.30"]

1. d4 Nf6 2. c4 e6 3. Nc3 Bb4 4. Qc2 O-O 5. Nf3 c5 6. dxc5 Na6 7. g3 Nxc5 8. Bg2
Nce4 9. O-O Bxc3 10. bxc3 Qc7 11. Nd4 d5 12. cxd5 exd5 13. Ba3 Re8 14. Rac1 Qe5
15. e3 Bd7 1/2-1/2

[Event "French Top 12 2013"]
[Site "Haguenau FRA"]
[Date "2013.06.07"]
[Round "9.7"]
[White "Debray, Christopher"]
[Black "Nezar, Mustapha"]
[Result "1/2-1/2"]
[WhiteTitle "IM"]
[BlackTitle "IM"]
[WhiteElo "2356"]
[BlackElo "2396"]
[WhiteTeam "C.E. de Rueil Malmaison"]
[BlackTeam "Vandoeuvre-Echecs"]
[WhiteFideId "630810"]
[BlackFideId "608637"]
[EventDate "2013.05.30"]

1. d4 f5 2. g3 Nf6 3. Bg2 g6 4. c4 Bg7 5. Nc3 O-O 6. Nf3 d6 7. O-O c6 8. Qc2 Qa5
9. Bd2 e5 10. dxe5 dxe5 11. e4 Qc7 12. exf5 Bxf5 13. Qb3 Nbd7 14. c5+ Kh8 15.
Qc4 Rae8 16. b4 a5 17. a3 b5 18. cxb6 Nxb6 19. Qh4 axb4 20. axb4 Nbd5 21. Rfc1
Qb7 22. Na4 Ne4 23. Ng5 Nxg5 24. Nc5 Qb5 25. Bxg5 Nxb4 26. Ra7 Nc2 27. Bh6 Bf6
28. Bg5 Bg7 29. Bh6 Bf6 30. Bg5 Bg7 31. Ne4 Bxe4 32. Bxe4 Qc5 1/2-1/2

[Event "French Top 12 2013"]
[Site "Haguenau FRA"]
[Date "2013.06.07"]
[Round "9.8"]
[White "Guichard, Pauline"]
[Black "Congiu, Mathilde"]
[Result "1-0"]
[WhiteTitle "WGM"]
[BlackTitle "WIM"]
[WhiteElo "2351"]
[BlackElo "2230"]
[WhiteTeam "Vandoeuvre-Echecs"]
[BlackTeam "C.E. de Rueil Malmaison"]
[WhiteFideId "639370"]
[BlackFideId "634581"]
[EventDate "2013.05.30"]

1. d4 Nf6 2. Nf3 g6 3. Bg5 Bg7 4. e3 O-O 5. Be2 d5 6. c4 c6 7. Nc3 Nbd7 8. O-O
Qb6 9. a3 h6 10. Bh4 g5 11. Bg3 Ne4 12. Nxe4 dxe4 13. c5 Qd8 14. Nd2 f5 15. Bc4+
Kh8 16. f4 g4 17. Bh4 Qe8 18. Be6 Nf6 19. Bxc8 Qxc8 20. Bxf6 Bxf6 21. Nc4 Qe6
22. Qe2 Rab8 23. b4 b6 24. Rab1 Rb7 25. Rfc1 Rfb8 26. cxb6 axb6 27. Qc2 Qd5 28.
Nd2 Ra7 29. Rb3 Rc8 30. Rc3 Kg7 31. Nc4 Rb8 32. Nb2 Qb5 33. Rb3 Rc8 34. a4 Qd5
35. Rc3 Rac7 36. Nc4 Rb8 37. Nd2 Rbc8 38. Nb3 Qd6 39. Rc4 Qd5 40. a5 bxa5 41.
Rc5 Qd7 42. Nxa5 Ra8 43. Nxc6 Rb7 44. Qb3 Ra6 45. b5 Rab6 46. Qc4 h5 47. Rd5 Qc8
48. Rd8 Qc7 49. Rg8+ Kh6 50. Qf7 1-0